Culture Générale - Série 1853 - Statistiques

Statistiques générales
  • Ce quiz a été pris 89 fois
  • Le résultat moyen est 3 sur 10
Statistiques - réponses
Question Réponse % Correct
Quel nom donne-t-on à un taxi britannique ? cab
68%
Quel nom donne-t-on à une série télévisée à dominante humoristique, à faible budget et limitée dans la durée ? sitcom
53%
Quel nom donne-t-on au saucisson sec originaire de la région lyonnaise et en forme caractéristique de poire ? Jésus
48%
Dans la Bible, quel était le métier d'Abel, tué par Caïn ? berger
36%
C'est la forme d'un arbre taillé et une échelle de gymnastique espalier
34%
Quel contenant correspond à 20 bouteilles de champagne ? nabuchodonosor
26%
Dans quel département français se trouve la ville de Sancerre ? Cher
25%
Comment appelle-t-on un turbot (poisson) encore de petite taille ? turbotin
24%
Dans l'ouest de la France, comment appelle-t-on une grande exploitation agricole (20 à 60 ha) ? métairie
6%
Dans l'ouest de la France, comment appelle-t-on une petite exploitation agricole de moins de 10 ha ,qui peut être également nommée "closerie" " borderage" "bordage" ? borderie
2%
Aucun quiz correspondant
Distribution des résultats
% des personnes avec chaque résultat
Percentile par nombre de réponses
Votre historique - résultats
Vous n’avez pas pris ce quiz